| 000 | 00746cam a2200265 4500 | ||
|---|---|---|---|
| 008 | 090401t1998 xxu||||| |||| 00| 0 eng d | ||
| 020 | _a1860811965 | ||
| 035 | _a(Sirsi) u85161 | ||
| 041 | _aeng | ||
| 050 | _a693.4 | ||
| 110 | _aBuilding Research Establishment | ||
| 245 | _aMortars for blockwork : improved thermal performance. | ||
| 260 |
_aLondon _bConstruction Research Communications Ltd _c1998 |
||
| 300 | _a8p. : ill. ; 30cm. | ||
| 350 | _a0 | ||
| 490 |
_aBRE Information Paper _vIP 2/98 |
||
| 650 | _aBLOCKWORK | ||
| 650 | _aMORTARS | ||
| 650 | _aTHERMAL PERFORMANCE | ||
| 690 | _aBUILDING AND CONSTRUCTION-MATERIALS | ||
| 700 | _aStupart, A.W. | ||
| 700 | _aSkandamoorthy, J.S. | ||
| 942 | _n0 | ||
| 948 | _c25/03/1998 | ||
| 999 |
_c97011 _d97011 |
||